00293nam a2200133Ia 45000030006000000080041000060400015000471000022000622450016000842500010001002600020001105460012001300050017001420STCL150530s9999 xx 000 0 und d aSTCLcSTCL aFrederic Harrison aJohn Ruskin aFirst bMacmillanc1932 aEnglish20220125171154.0